000 00301nam a22001217a 4500
003 OSt
008 150215b xxu||||| |||| 00| 0 eng d
100 1 _aMenzinsky,Georg
041 _aeng
245 1 0 _aSweden Skilling Banco Stamps 1855-1858 And Black Local Stamps
260 _b1962
_c1964
300 _a0 pages
999 _c692
_d692